000 00705nam a2200217 a 4500
005 20240821063744.0
008 991125s1966 ea 000 0 eng u
020 _a0582538416
035 _aUPN01000006878
049 _aCG
050 4 _aPE1111
_bA4.3
100 1 _aAlexander, L. G.
245 1 4 _aThe carters of greenwood :
_bcineloops for english as a foreign-second language /
_cL. G. Alexander.
260 _aLondon :
_bLongman Group,
_c1966.
300 _a88 p. :
_bil.
520 _a"Libro de ejercicios elemental"
520 _aDatos tomados de la cubierta
650 4 _aInglés
_xComposición y ejercicios
_99166
650 4 _aINGLES -
_xGRAMATICA -
_xESTUDIO Y ENSEÑANZA
_921871
905 _aLibro
999 _c6878
_d6878